00708nam a2200169 a 4500090001400000041000800014100002800022245015400050260005200204300001000256440005300266650001700319942001200336945001500348999001500363952016000378 aLBb04738 aeng aVari, Richard P.992347 aSystematics of the neotropical characiform genus Curimatella Eigenmann and Eigenmann (Pisces: Ostariophysi), with summary comments on the Curimatidae aWashingtonbSmithsonian Institution Pressc1992 a48 p. aSmithsonian Contributions to Zoologyn533992348 aPeces992349 cIMPRESO d2006-12-28 c5442d5442 00102z40708ICTIOIINV2017aVillabVillad2006-12-28eInstitutog39000.00l0oLB-04738p023937r2012-12-04 00:00:00tEj.1w2012-12-04xDonaciónyLIBRO